| 000 | 00642nam a22001937a 4500 | ||
|---|---|---|---|
| 005 | 20241029141911.0 | ||
| 010 | _aENG-142530 | ||
| 020 |
_a978357417761 _c600.00 |
||
| 035 | _aEN-126062 | ||
| 037 | _bDBAD | ||
| 082 | _a954.54 | ||
| 100 |
_aBath,Nani _973633 |
||
| 245 |
_aFrom India to India/ _cNani Bath |
||
| 250 | _aFirst | ||
| 260 |
_aUttar Pradesh _bBluerose Publisher _c2023 |
||
| 270 |
_aABL Workspaces, B-6, Amaltash Marg, Block B, Sector 4, Noida, _bUttar Pradesh _e201301 _k8882898898 _minfo@bluerosepublisher.com |
||
| 300 |
_a382p. _c20cm(pbk) |
||
| 942 |
_2ddc _cEN _h954.54 _mBAT _e2023 |
||
| 999 |
_c206859 _d206859 |
||